Statistiques concernant NRJ Music Awards 2023 - Les gagnants

Cliquez ici pour prendre le quiz!

Statistiques générales

  • Ce quiz a été pris 77 fois
  • Le résultat moyen est 6 sur 20

Statistiques - réponses

HintRéponse% Correct
Groupe/duo francophoneBigflo et Oli
67%
Artiste masculin francophoneSliman
66%
Artiste féminine francophoneVitaa
62%
DJ de l'annéeDavid Guetta
57%
Tournée francophoneM. Pokora
47%
Artiste féminine internationaleDua Lipa
45%
Artiste masculin internationalEd Sheeran
41%
Award d'honneur (groupe)Maneskin
31%
Révélation internationaleLoreen
28%
Révélation francophoneNuit Incolore
26%
Chanson francophoneSecret (Louane)
24%
Groupe/duo internationaleImagine Dragons
17%
Clip francophoneDernière (Bigflo et Oli feat J. Doré)
16%
Chanson internationaleFlowers (Miley Cyrus)
12%
Clip internationalFlowers (Miley Cyrus)
12%
Social hitMakeba (Jain)
12%
Reprise / adaptationBarbie Girl (Aqua & Tiësto)
10%
Collaboration francophoneChez toi (Slimane & Claudio Capéo)
10%
Collaboration internationaleBeso (Rosalia & Rauw Alejandro)
5%
Award d'honneur (garçon)Daddy
0%

Distribution des résultats

Percentile par nombre de réponses

% des personnes avec chaque résultat

Votre développement - résultats

Vous n’avez pas pris ce quiz